000 01462nam a2200421 c 4500
999 _c50804
_d50804
001 50804
003 ES-MaCES
005 20180620105241.0
008 180619s2018 sp |||| 000 | spa d
017 _aB 10252-2018
_bDL
020 _a9788417466015
040 _aES-MaCES
_bspa
_cES-MaCES
100 1 _939154
_aVázquez Vázquez, Francisco
245 1 3 _aLa Carta Social Europea y la inspección de trabajo
_b: un estudio comparado de los ordenamientos español, portugués y francés por la vía del procedimiento de control de informes
_cFrancisco Vázquez Vázquez
260 _aBarcelona
_bAtelier
_c[2018]
300 _a198 p.
_c20 cm
490 1 _aAtelier laboral
504 _aBibliografía: p. 191-108
541 _cCompra
610 2 4 _92202
_aComité Europeo de Derechos Sociales
650 4 _aCarta Social Europea
_930665
650 4 _ainspección del trabajo
_928213
650 4 _aderechos económicos y sociales
_929875
650 4 _ainforme
_928986
650 4 _aorganismo gubernamental
_929508
650 4 _amecanismo de control
_929918
650 4 _aderecho comunitario
_929866
650 4 _acampo de aplicación
_930263
650 4 _aEspaña
_926964
650 4 _aPortugal
_926960
650 4 _aFrancia
_926943
650 4 _aderecho del trabajo
_927165
650 4 _aderecho comparado
_929868
653 1 0 _aDerecho comunitario
830 0 _aAtelier laboral
_934123
902 _aLIB Libro
942 _2CES
_cBK
_h6.0.5.